Liverpool FC Squad 1977-1978 - Statistics

General Stats
  • This quiz has been taken 16 times
  • The average score is 15 of 25
Answer Stats
Position Nation Player % Correct
FW Scotland Kenny Dalglish
100%
DF Scotland Alan Hansen
93%
MF Scotland Graeme Souness
93%
GK England Ray Clemence
86%
DF England Tommy Smith
79%
Coach England Bob Paisley
71%
MF England Jimmy Case
71%
MF England Ray Kennedy
71%
MF Ireland Steve Heighway
71%
MF England Terry McDermott
71%
FW England David Fairclough
64%
FW England David Johnson
64%
DF England Emlyn Hughes
64%
FW Wales John Toshack
64%
DF England Phil Neal
64%
DF Wales Joey Jones
57%
DF England Max Thompson
57%
DF England Phil Thompson
57%
MF England Ian Callaghan
50%
MF England Sammy Lee
43%
GK England Steve Ogrizovic
43%
DF England Colin Irwin
21%
DF England Brian Kettle
7%
GK England Peter McDonnell
7%
FW England Kevin Kewley
0%
No matching quizzes found
Score Distribution
Percent of People with Each Score
Percentile by Number Answered
Your Score History
You have not taken this quiz